OPAC Home

ගගනගාමියකුගේ දිනපොත සහ තවත් ෂෝන්කු කථා (Record no. 41991)

MARC details
000 -LEADER
fixed length control field 00592nam a2200181Ia 4500
008 - FIXED-LENGTH DATA ELEMENTS--GENERAL INFORMATION
fixed length control field 120924t2009 xxu||||| |||| 00| 0 sin d
041 ## - LANGUAGE CODE
Language code of text/sound track or separate title Sinhala; Sinhalese
080 ## - UNIVERSAL DECIMAL CLASSIFICATION NUMBER
Universal Decimal Classification number 8 - 31 (Indian)
Item number RAI
942 ## - ADDED ENTRY ELEMENTS (KOHA)
Koha item type Books
003 - CONTROL NUMBER IDENTIFIER
control field LK-CoDNM
040 ## - CATALOGING SOURCE
Original cataloging agency LK-CoDNM
Modifying agency LK-CoDNM
Description conventions LK-CoDNM
100 ## - MAIN ENTRY--PERSONAL NAME
Personal name Rai,Sathyajith
700 ## - ADDED ENTRY--PERSONAL NAME
Personal name Samarasekara,Prasad
Relator term translater
245 ## - TITLE STATEMENT
Title ගගනගාමියකුගේ දිනපොත සහ තවත් ෂෝන්කු කථා
246 ## - VARYING FORM OF TITLE
Title proper/short title Gaganagamikayakuge Dinapotha Saha Thawath Shonku Katha
260 ## - PUBLICATION, DISTRIBUTION, ETC. (IMPRINT)
Place of publication, distribution, etc. Timeless Books
-- Pannipitiya
Date of publication, distribution, etc. 2009
300 ## - PHYSICAL DESCRIPTION
Other physical details 207p, 21 cm
Holdings
Withdrawn status Lost status Damaged status Not for loan Collection code Permanent Location Current Location Date acquired Full call number Barcode Koha item type
        Translation Library National Museum Colombo - Sri Lanka Library National Museum Colombo - Sri Lanka 2012-09-24 8 - 31 (Indian) RAI 152023 Books
Copyright © 2023 Department of National Museum, Colombo 07, Sri Lanka Funded by UNESCO IFAP UNESCO